000 00432nam a22001217a 4500
999 _c21370
_d21370
008 240906b ||||| |||| 00| 0 eng d
100 _aVelasco, Erwin V.
_eauthor.
_960285
245 _aAbc of good leadership /
_cErwin V. Velasco.
260 _aPhilippines;
_bPublishers Association of the Philippines, Inc.,
_cAugust 2019.
300 _aVolume 168, pages 88-89.
700 _aVelasco, Erwin V.
_eauthor.
_960285
942 _2ddc
_cPER